Der Zirkus, The Circus

Αποθηκεύτηκε σε:
Λεπτομέρειες βιβλιογραφικής εγγραφής
Κύριος συγγραφέας: Karinthy, Frigyes
Μορφή: Βιβλίο
Γλώσσα:Undetermined
Έκδοση: Budapest, Hungría Kossuth 1993
Θέματα:
Ετικέτες: Προσθήκη ετικέτας
Δεν υπάρχουν, Καταχωρήστε ετικέτα πρώτοι!

MARC

LEADER 00000nam a2200000Ia 4500
008 170316s9999 xx 000 0 und d
090 |a 800-H K-1d 
100 |a Karinthy, Frigyes 
245 |a Der Zirkus, The Circus 
260 |a Budapest, Hungría 
260 |b Kossuth 
260 |c 1993 
300 |a 124 páginas 
650 |a OTRAS LITERATURAS-HUNGRÍA 
999 |c 19892  |d 19892 
040 |a cru BVZT 
942 |c 15 D  |h 800-H K-1d  |2 z